| 000 | 00000nam##2200000za#4500 |
| 001 | 9.604741 |
| 003 | CaOODSP |
| 005 | 20240501092931 |
| 007 | cr ||||||||||| |
| 008 | 150406|2010||||xxc|||||o f|0| 0 fre|d |
| 040 | |aCaOODSP|bfre |
| 043 | |an-cn--- |
| 086 | 1 |aPS83-3/233F-PDF |
| 110 | 2 |aService correctionnel Canada. |
| 245 | 10|aIncidents d'automutilation survenus dans les établissements du SCC sur une période de 30 mois / |h[ressource électronique]|c[par] Arthur Gordon. |
| 260 | |aOttawa - Ontario : |bService correctionnel Canada |cDécembre 2010. |
| 300 | |a56p.|bfigures, références, tableaux |
| 490 | 1 |aRapport de recherche|vR-233 |
| 590 | |a12-38-Supp|b2012-09-27 |
| 720 | 1 |aGordon, Arthur |
| 775 | 08|tSelf-injury incidents in CSC institutions over a thirty-month period / |w(CaOODSP)9.575132 |
| 830 | #0|aRapport de recherche (Service correctionnel Canada. Direction de la recherche)|vR-233|w(CaOODSP)9.502465 |
| 856 | 40|ahttp://publications.gc.ca|qPDF|s268 Ko|uhttps://publications.gc.ca/collections/collection_2012/scc-csc/PS83-3-233-fra.pdf|yR-233 |